000 00323nam a2200133Ia 4500
005 20251222142021.0
008 251222s9999||||xx |||||||||||||| ||spa||
020 _a84-7908-186-4
082 _a414.646/H46
100 _aHerrero, Ángel
245 0 _aEl Decir Numeroso:
264 _bUniversidad de Alicante
942 _cLIB
999 _c10635
_d10635